Diane de Chivri (Record no. 165628)

MARC details
000 -LEADER
campo de control de longitud fija 01095nam a2200253 i 4500
001 - NÚMERO DE CONTROL
campo de control 165628
003 - IDENTIFICADOR DE NÚMERO DE CONTROL
campo de control ES-MaACL
005 - FECHA Y HORA DE LA ÚLTIMA TRANSACCIÓN
campo de control 20250703063542.0
008 - DATOS DE LONGITUD FIJA--INFORMACIÓN GENERAL
campo de control de longitud fija 050906m18391860fr a | |||||||| ||fre d
040 ## - FUENTE DE CATALOGACIÓN
Centro catalogador/agencia de origen CAM
Lengua de catalogación spa
Centro/agencia transcriptor CAM
100 1# - ENTRADA PRINCIPAL--NOMBRE DE PERSONA
Nombre de persona Soulié, Frédéric,
Fechas asociadas al nombre 1800-1847
9 (RLIN) 107564
245 10 - MENCIÓN DEL TÍTULO
Título Diane de Chivri
Resto del título : drame en cinq actes /
Mención de responsabilidad, etc. par Frédéric Soulié.
260 ## - PUBLICACIÓN, DISTRIBUCIÓN, ETC.
Lugar de publicación, distribución, etc. Paris :
Nombre del editor, distribuidor, etc. Librairie théatrale,
Fecha de publicación, distribución, etc. [s.a.] (
Fabricante Imprimerie de M\pme\s veuve Dondey-Dupré)
300 ## - DESCRIPCIÓN FÍSICA
Extensión 15 p. :
Otras características físicas il. ;
Dimensiones 31 cm.
490 1# - MENCIÓN DE SERIE
Mención de serie Magasin théatrale illustré
500 ## - NOTA GENERAL
Nota general Représenté, pour la première fois, a Paris, sur le théatre de la Renaissance (salle Ventadour) le 9 février 1839.
594 ## - Nota al título y mención de responsabilidad
Nota al título y mención de responsabilidad Tit. y autor tomados de comienzo de texto.
596 ## - NOTA AL PIE DE IMPRENTA
NOTA AL PIE DE IMPRENTA Ed. y serie tomados de encabezamiento de pag.1, y el imp. consta en colofón.
597 ## - NOTA DE DESCRIPCIÓN FÍSICA
NOTA DE DESCRIPCIÓN FÍSICA Texto a tres columnas.
599 ## - NOTA A LAS ILUSTRACIONES
NOTA A LAS ILUSTRACIONES La il. en pag.1 precede al tit.
830 0# - PUNTO DE ACCESO ADICIONAL DE SERIE-TÍTULO UNIFORME
Título uniforme Magasin théatrale illustré
9 (RLIN) 222473
852 ## - LOCALIZACIÓN
Ubicación ES-MaACL
Número de control de estantería Fol-Laf-5
Nota libre -- Sin enc.
-- -- Legado M. de la Fuente
Holdings
Estatus retirado Estado de pérdida Estado de daño No para préstamo Colección Biblioteca de origen Biblioteca actual Ubicación en estantería Fecha de adquisición Fuente de adquisición Total de préstamos Signatura topográfica completa Código de barras Visto por última vez Precio de reemplazo Tipo de ítem Koha
        Colección de folletos Biblioteca del Ateneo de Madrid Biblioteca del Ateneo de Madrid Depósito folletos 17/01/2008     Fol-Laf-5 1173698 23/02/2023 23/02/2023 Folleto